000
00329 a2200109 4500
001
ART_11287
005
20260410161855.0
008
260409a
245
1
0
_a
Medición de desarrollo económico y social
100
1
_a
Frediani, Ramón O.
773
0
_t
Revista de Economía
_g
- Nº 27 (ene./dic. 1979)
_w
REV11077
999
_c
25430
_d
25430